000 00522nam a2200205Ia 4500
003 OSt
005 20230530164651.0
008 210423s2011 xx 000 0 und d
020 _a978-93-81293-65-2
040 _cAL
041 _aeng
082 _a361.8 MANC
100 _aMANDAl (Nandan K).
_9117449
245 _aCommunity work and social action
260 _aNew Delhi
_bCentrum Press
_c2011
300 _avii,280
_bPB
365 _b995
_cINR
906 _aaction ; Community ; social ; work
942 _2ddc
_cBK
999 _c176308
_d176308